000 00478nam a2200181Ia 4500
001 2898
005 20260306144841.0
008 260306t2008||||xx |||||||||||||| ||spa||
041 _aESP
082 _a231.901
_bR27 2008
100 _aRatzinger, Joseph
_eAUT
245 0 _aJesus of nazareth:
_bfrom the baptism in the Jordan to the transfiguration
260 _c2008
300 _axxiv, 389 páginas :
_c20 cm.
650 _aGEN
654 _aCHU
942 _cLIB
_dJUS
_fJUS
_2ddc
_n
999 _c2898
_d2898